[Event "ch-European Rapid 2013"]
[Site "Warsaw POL"]
[Date "2013.12.14"]
[Round "6.36"]
[White "Fargere, Francois"]
[Black "Lach, Aleksandra"]
[Result "0-1"]
[WhiteTitle "GM"]
[BlackTitle "WFM"]
[WhiteElo "2446"]
[BlackElo "2161"]
[WhiteFideId "615935"]
[BlackFideId "1134299"]
[EventDate "2013.12.14"]

1. e4 c5 2. Nf3 d6 3. d4 cxd4 4. Qxd4 Nc6 5. Bb5 Bd7 6. Bxc6 Bxc6 7. Nc3 Nf6 8.
Bg5 e6 9. O-O-O Be7 10. Rhe1 O-O 11. Kb1 Qa5 12. Qd2 Rfd8 13. Nd4 h6 14. Bh4 Qh5
15. Bg3 Rac8 16. f3 d5 17. e5 Nd7 18. Nce2 Qg6 19. Nf4 Qh7 20. Bf2 Bc5 21. Nd3
Bxd4 22. Bxd4 b6 23. g4 Bb5 24. Nf4 Rc7 25. Rc1 Nb8 26. h4 Nc6 27. b3 Rdc8 28.
Bb2 a5 29. a3 a4 30. b4 Bc4 31. g5 Ne7 32. Rg1 Bb3 33. g6 Nxg6 34. Nxg6 Bxc2+
35. Ka1 Bxg6 36. Rxc7 Rxc7 37. Qe3 Rc6 38. Rc1 Rxc1+ 39. Qxc1 Bc2 40. Qe3 Qd3
41. Qxd3 Bxd3 42. Bd4 b5 43. Kb2 Kh7 44. Kc3 Bc4 45. Bc5 Kg6 46. Bf8 f6 47. Kd4
Kf7 48. Bd6 g5 49. hxg5 fxg5 50. Ke3 Kg6 51. f4 g4 52. Be7 Kf5 53. Bc5 h5 54.
Be7 d4+ 55. Kxd4 Kxf4 0-1

[Event "ch-European Rapid 2013"]
[Site "Warsaw POL"]
[Date "2013.12.14"]
[Round "6.37"]
[White "Kuzmicz, Krystian"]
[Black "Kostyra, Stanislaw"]
[Result "1/2-1/2"]
[WhiteTitle "IM"]
[BlackTitle "IM"]
[WhiteElo "2451"]
[BlackElo "2270"]
[WhiteFideId "1119125"]
[BlackFideId "1100858"]
[EventDate "2013.12.14"]

1. c4 e6 2. g3 d5 3. Bg2 Nf6 4. Nf3 Be7 5. O-O O-O 6. b3 a5 7. Bb2 a4 8. d3 Na6
9. Nbd2 a3 10. Bc3 Bb4 11. Qc2 c5 12. cxd5 Bxc3 13. Qxc3 Nxd5 14. Qc1 b5 15.
Qxa3 Bb7 16. Qb2 b4 17. Ne5 Qc7 18. Nec4 Nc3 19. Ne4 Bxe4 20. Bxe4 Rad8 21. Bg2
Nb8 22. Rfc1 Nc6 23. Bxc6 Qxc6 24. Ne3 Ra8 25. Nd1 Nb5 26. d4 Qe4 27. dxc5 Nd4
28. Ne3 Qe5 29. Rab1 Rfd8 30. c6 Qb5 31. Rc4 Nxc6 32. Rbc1 Ne7 33. Rg4 Ng6 34.
h4 Qa5 35. Rc2 Rd7 36. Rg5 Qd8 37. Rg4 Qa5 38. Kh2 h6 39. Rgc4 Rad8 40. Qc1 Qb6
41. Qe1 Rb7 42. Rd2 Ra8 43. Qa1 Qa5 44. Qd4 Rab8 45. Qc5 Qxc5 46. Rxc5 Ne7 47.
Kg2 Ra7 48. Rc4 Kf8 49. Kf3 f6 50. Rdd4 Rab7 51. Rd6 Kf7 52. Ra6 Ng6 53. Kg2 Ne5
54. Rc5 Rd8 55. Nc4 Nxc4 56. Rxc4 Rd2 57. Kf3 e5 58. Ke3 Rb2 59. Kf3 h5 60. Ra4
Rd7 61. Rcxb4 Rdd2 62. Re4 Rxa2 63. Rxa2 Rxa2 64. Rb4 Rb2 65. Rb7+ Kg6 66. Ke3
Kh6 67. Kd3 g5 68. b4 gxh4 69. gxh4 Kg6 70. f3 Kf5 71. b5 Kf4 72. b6 f5 73. Rb8
Rb1 74. b7 Rb6 75. e4 Kxf3 76. exf5 e4+ 77. Kd4 e3 78. Kc5 Rb1 79. Kc6 e2 80.
Re8 Rc1+ 81. Kd7 Rd1+ 82. Kc8 Rc1+ 83. Kb8 e1=Q 84. Rxe1 Rxe1 85. f6 Kg4 86. Kc7
Rc1+ 87. Kd6 Rd1+ 88. Kc7 Rc1+ 89. Kd8 Rd1+ 90. Kc8 Rc1+ 91. Kd8 Rd1+ 92. Kc8 1/2-1/2

[Event "ch-European Rapid 2013"]
[Site "Warsaw POL"]
[Date "2013.12.14"]
[Round "6.38"]
[White "Chalupnik, Marcin"]
[Black "Zwardon, Vojtech"]
[Result "0-1"]
[BlackTitle "IM"]
[WhiteElo "2215"]
[BlackElo "2383"]
[WhiteFideId "1102346"]
[BlackFideId "325511"]
[EventDate "2013.12.14"]

1. e4 c5 2. Nf3 Nc6 3. d4 cxd4 4. Nxd4 e5 5. Nb5 a6 6. Nd6+ Bxd6 7. Qxd6 Qe7 8.
Qd1 Nf6 9. Nc3 d6 10. Bg5 Be6 11. Bd3 h6 12. Bxf6 Qxf6 13. O-O Qg5 14. Qf3 Nd4
15. Qe3 Qxe3 16. fxe3 Nc6 17. Nd5 Rc8 18. b3 Bxd5 19. exd5 Nb4 20. Be4 Rc3 21.
a3 Rxe3 22. Rfe1 Rxe1+ 23. Rxe1 Na2 24. Re3 O-O 25. c4 b5 26. Bb1 Nc1 27. cxb5
axb5 28. Kf1 Rc8 29. Ke1 g6 30. g4 Rc5 31. Kd2 Kf8 32. Bc2 Na2 33. Be4 b4 34.
axb4 Nxb4 35. Rc3 Ke7 36. Rxc5 dxc5 37. Kc3 Kd6 38. Kc4 Na6 39. h4 Nb8 40. b4
Nd7 41. bxc5+ Nxc5 42. Bg2 Nd7 43. g5 hxg5 44. hxg5 Nb6+ 0-1

[Event "ch-European Rapid 2013"]
[Site "Warsaw POL"]
[Date "2013.12.14"]
[Round "6.39"]
[White "Milliet, Sophie"]
[Black "Sudakova, Irina"]
[Result "1/2-1/2"]
[WhiteTitle "IM"]
[BlackTitle "WGM"]
[WhiteElo "2387"]
[BlackElo "2356"]
[WhiteFideId "623725"]
[BlackFideId "4129903"]
[EventDate "2013.12.14"]

1. e4 c5 2. Nf3 d6 3. d4 Nf6 4. Nc3 cxd4 5. Qxd4 Nc6 6. Bb5 Bd7 7. Bxc6 bxc6 8.
O-O e5 9. Qd3 h6 10. b3 Be7 11. a4 O-O 12. Ba3 Bg4 13. Nd2 d5 14. Bxe7 Qxe7 15.
exd5 cxd5 16. Nxd5 Nxd5 17. Qxd5 Rad8 18. Qa5 Qg5 19. Ne4 Qg6 20. Ng3 Qxc2 21.
Qxe5 Qxb3 22. h3 Rfe8 23. Qa5 Be6 24. Qxa7 Ra8 25. Qd4 Red8 26. Qf4 Qb8 27. Qe3
Qa7 28. Qe5 Rd5 29. Qc3 Qd4 30. Ne2 Qxc3 31. Nxc3 Rc5 32. Ra3 Raa5 33. Rb1 Bd7
34. Rb8+ Kh7 35. Rb7 Be6 36. Rb5 Rcxb5 37. Nxb5 Kg6 38. f3 Kf6 39. Kf2 Bd7 40.
Nc3 Ke5 41. Ke3 g5 42. Rb3 f5 43. Rb4 f4+ 44. Kd3 Bf5+ 45. Ne4 Bd7 46. Nc3 Bf5+
47. Kd2 Bd7 48. Kc2 Bf5+ 49. Kb2 Bd7 50. Re4+ Kf5 51. Kb3 h5 52. Kb4 Ra8 53. a5
Bc6 54. Re2 g4 55. hxg4+ hxg4 56. fxg4+ Kxg4 57. Kc5 f3 58. gxf3+ Bxf3 59. Ra2
Rc8+ 60. Kb4 Rb8+ 61. Kc4 Rc8+ 62. Kd3 Rd8+ 63. Kc2 Kf4 64. a6 Ke5 65. a7 Kd6
66. Rb2 Ra8 67. Rb4 Rxa7 68. Rf4 Bc6 1/2-1/2

[Event "ch-European Rapid 2013"]
[Site "Warsaw POL"]
[Date "2013.12.14"]
[Round "6.40"]
[White "Drozdowski, Kacper"]
[Black "Stetsko, Lanita"]
[Result "1-0"]
[WhiteTitle "IM"]
[BlackTitle "FM"]
[WhiteElo "2463"]
[BlackElo "2245"]
[WhiteFideId "1136720"]
[BlackFideId "13505300"]
[EventDate "2013.12.14"]

1. e4 e5 2. Nf3 Nc6 3. Bb5 a6 4. Ba4 Nf6 5. Qe2 d6 6. c3 b5 7. Bc2 Be7 8. O-O
O-O 9. Rd1 Bb7 10. d3 Re8 11. Nbd2 Bf8 12. Nf1 Ne7 13. h3 Ng6 14. N3h2 d5 15.
Ng3 c5 16. Nf5 Qb6 17. Ng4 Rad8 18. Bg5 dxe4 19. Bxf6 exd3 20. Bxd8 dxe2 21.
Bxb6 exd1=Q+ 22. Rxd1 Nf4 23. Nfh6+ Kh8 24. Nxf7+ Kg8 25. Ng5 Bxg2 26. Bxh7+ Kh8
27. Be4 Nxh3+ 28. Kxg2 Nxg5 29. Rh1+ Kg8 30. Bd5+ Nf7 31. Rh5 Bd6 32. Rf5 Re7
33. Bxc5 Bxc5 34. Nxe5 1-0

[Event "ch-European Rapid 2013"]
[Site "Warsaw POL"]
[Date "2013.12.14"]
[Round "6.41"]
[White "Dorokhin, Mykhailo"]
[Black "Meribanov, Vitaly"]
[Result "0-1"]
[BlackTitle "IM"]
[WhiteElo "2243"]
[BlackElo "2412"]
[WhiteFideId "14114178"]
[BlackFideId "13504363"]
[EventDate "2013.12.14"]

1. e4 c5 2. d3 d5 3. exd5 Qxd5 4. Nc3 Qd8 5. g3 Nf6 6. Bg2 Nc6 7. h3 Bf5 8. Bg5
e6 9. Qd2 Be7 10. Nf3 Nd5 11. Bxe7 Ncxe7 12. Nh4 Bg6 13. O-O O-O 14. Rae1 Rc8
15. Nxg6 hxg6 16. Ne4 b6 17. h4 Nf5 18. Nc3 Nxc3 19. bxc3 Qd6 20. Re4 Rfd8 21.
Qg5 Qe7 22. Qd2 Nd6 23. Ree1 Ne8 24. a4 Nf6 25. a5 b5 26. a6 Nd5 27. Ra1 Rb8 28.
Rfb1 Rb6 29. Ra5 Rdb8 30. Rb3 Qd6 31. Bf3 Nc7 32. Qg5 Rxa6 33. Rxa6 Nxa6 34. h5
gxh5 35. Qxh5 Nc7 36. Ra3 a6 37. Kg2 g6 38. Qh6 Qe5 39. Be4 b4 40. Ra1 bxc3 41.
Rh1 Rb2 42. Rh4 Qg7 43. Qe3 Qd4 44. Qf4 Ne8 45. Qh6 Rxc2 46. Bxg6 Qxf2+ 47. Kh3
Qg2+ 48. Kg4 Qe2+ 49. Kh3 Qf1+ 50. Kg4 Qe2+ 51. Kh3 Qg2+ 52. Kg4 Nf6+ 53. Kg5
Qxg3+ 54. Kxf6 Qxg6+ 55. Qxg6+ fxg6 56. Rc4 Rf2+ 57. Kxg6 Rf5 58. Rxc3 Kf8 59.
Ra3 Ke7 60. Rxa6 Rf3 61. Rc6 Rf5 62. Ra6 Kd7 63. Ra4 Rd5 64. Ra3 Kd6 65. Kf7
Rf5+ 66. Ke8 Rf3 67. Ra6+ Kd5 68. Ke7 Rxd3 69. Rd6+ Kc4 70. Rxe6 Kc3 71. Rc6 c4
72. Ke6 Kb3 73. Ke5 c3 74. Rb6+ Ka2 75. Ke4 Rd8 76. Rc6 Kb2 77. Ke3 c2 78. Rb6+
Kc1 79. Ke2 Rd2+ 80. Ke1 Rd5 81. Ke2 Re5+ 82. Kf3 Kd2 83. Rd6+ Kc3 84. Rc6+ Kd3
85. Kf4 Re4+ 0-1

[Event "ch-European Rapid 2013"]
[Site "Warsaw POL"]
[Date "2013.12.14"]
[Round "6.43"]
[White "Polok, Kacper"]
[Black "Matuszewski, Michal"]
[Result "0-1"]
[BlackTitle "IM"]
[WhiteElo "2172"]
[BlackElo "2408"]
[WhiteFideId "1137158"]
[BlackFideId "1129775"]
[EventDate "2013.12.14"]

1. e4 c5 2. Nf3 d6 3. d4 cxd4 4. Nxd4 Nf6 5. Nc3 a6 6. Bg5 Nbd7 7. f4 Qc7 8. Qf3
b5 9. O-O-O Bb7 10. Bd3 g6 11. Rhe1 Bg7 12. Kb1 Rc8 13. Nd5 Nxd5 14. exd5 Nf6
15. Bxf6 Bxf6 16. Be4 O-O 17. f5 Bxd5 18. Bxd5 Bxd4 19. Qd3 Bg7 20. fxg6 hxg6
21. Bb3 e6 22. Qxd6 a5 23. Rxe6 a4 24. Rxg6 axb3 0-1

[Event "ch-European Rapid 2013"]
[Site "Warsaw POL"]
[Date "2013.12.14"]
[Round "6.44"]
[White "Westerberg, Jonathan"]
[Black "Korchmar, Vasiliy"]
[Result "1/2-1/2"]
[WhiteTitle "FM"]
[BlackTitle "FM"]
[WhiteElo "2397"]
[BlackElo "2347"]
[WhiteFideId "1701754"]
[BlackFideId "24131750"]
[EventDate "2013.12.14"]

1. e4 e5 2. Bc4 Nc6 3. Nc3 Nf6 4. d3 Na5 5. Nge2 Nxc4 6. dxc4 Be7 7. O-O O-O 8.
b3 d6 9. h3 Be6 10. Qd3 Nh5 11. g4 Nf6 12. f4 exf4 13. Bxf4 Nd7 14. Rad1 Bg5 15.
Bh2 Ne5 16. Bxe5 dxe5 17. Qg3 Qe7 18. Qxe5 Bf6 19. Qg3 c6 20. Qd6 Qe8 21. e5 Rd8
22. Qc5 b6 23. Rxd8 Bxd8 24. Qe3 Bc7 25. Nd4 Bd7 26. Re1 Qb8 27. Nf3 Re8 28. Qd3
Re7 29. Ng5 g6 30. Nf3 Bxe5 31. Nxe5 Rxe5 32. Re4 Rxe4 33. Nxe4 Qe5 34. Nd2 Be6
35. Kg2 h5 36. Nf3 Qf6 37. Kg3 hxg4 38. hxg4 c5 39. Qe3 Qb2 40. Qd3 Qc1 41. c3
Kg7 42. g5 Bf5 43. Qd2 Qh1 44. Qe3 Qh3+ 45. Kf2 Bg4 46. Qe5+ Kh7 47. Qh2 Qxh2+
48. Nxh2 Bd1 49. Ke3 Kg7 50. Nf1 f6 51. Kf4 Bc2 52. Ne3 fxg5+ 53. Kxg5 Bb1 54.
a3 Ba2 55. b4 Kf7 56. bxc5 bxc5 57. Nd5 Bxc4 58. Nf4 Bb3 59. Nxg6 Ke6 60. Kf4
Kd5 61. Ne5 Bc2 62. Nd7 Kc4 63. Ke3 Ba4 64. Nxc5 Kxc5 65. Kd2 Kc4 66. Kc1 Kb3
67. Kb1 Bc6 68. c4 Be4+ 69. Ka1 a5 70. c5 Bc6 71. a4 Ka3 72. Kb1 Be4+ 73. Ka1
Bc6 74. Kb1 1/2-1/2

[Event "ch-European Rapid 2013"]
[Site "Warsaw POL"]
[Date "2013.12.14"]
[Round "6.45"]
[White "Tomczak, Mikolaj"]
[Black "Sadzikowski, Daniel"]
[Result "0-1"]
[BlackTitle "IM"]
[WhiteElo "2133"]
[BlackElo "2470"]
[WhiteFideId "1175114"]
[BlackFideId "1132253"]
[EventDate "2013.12.14"]

1. e4 c5 2. Nc3 e6 3. Nf3 a6 4. g3 b5 5. d4 cxd4 6. Nxd4 Bb7 7. Bg2 Nf6 8. Bg5
d6 9. O-O Nbd7 10. Re1 e5 11. Nf5 h6 12. Bxf6 Nxf6 13. Ne3 Rc8 14. a4 bxa4 15.
Rxa4 Be7 16. Bf1 Qb6 17. Ncd5 Nxd5 18. Nxd5 Bxd5 19. Rxa6 Qxb2 20. Qxd5 O-O 21.
Ra7 Bf6 22. Bc4 Qc3 23. Rxf7 Qxe1+ 24. Kg2 Rxf7 25. Qxf7+ Kh8 26. Be6 Qxe4+ 0-1

[Event "ch-European Rapid 2013"]
[Site "Warsaw POL"]
[Date "2013.12.14"]
[Round "6.46"]
[White "Putka, Verners"]
[Black "Gerasimenyk, Mikhail"]
[Result "1/2-1/2"]
[BlackTitle "FM"]
[WhiteElo "2323"]
[BlackElo "2188"]
[WhiteFideId "11600659"]
[BlackFideId "14111845"]
[EventDate "2013.12.14"]

1. Nf3 d5 2. c4 c6 3. b3 Nf6 4. Bb2 Bg4 5. e3 e6 6. Be2 Bd6 7. O-O Nbd7 8. Nc3
O-O 9. Nd4 Bxe2 10. Ncxe2 Bc7 11. Qc2 Rc8 12. f4 dxc4 13. Qxc4 Nb6 14. Qc2 Nbd5
15. a3 Bb6 16. Kh1 a5 17. Rf3 Ne7 18. Rh3 Ng6 19. Nf3 Ng4 20. Rf1 f6 21. Ng3
Bxe3 22. dxe3 Nxe3 23. Qe4 Nxf1 24. Nxf1 Qd5 25. Qe3 Rcd8 26. N3d2 Rfe8 27. Kg1
e5 28. fxe5 Nxe5 29. Bxe5 Rxe5 30. Qc3 Re2 31. Nf3 b6 32. Rg3 Qc5+ 33. Qxc5 bxc5
34. Nh4 Rd5 35. Rc3 Kf7 36. h3 Ke6 37. Nf3 g5 38. Ng3 Ra2 39. Ne4 Rxa3 40. Nxc5+
Kd6 41. Ne4+ Kc7 42. Nxf6 Rd1+ 43. Kh2 a4 44. Ne5 axb3 45. Rxc6+ Kb7 46. Rc4 Kb6
47. Ne4 Re1 48. Rb4+ Kc7 49. Nd3 Re3 50. Nec5 Kc6 51. Rc4 Kd5 52. Rc1 h5 53.
Nb4+ Kd4 54. Nc6+ Kd5 55. Nb4+ Kd4 56. Nc6+ Kd5 57. Nb4+ Kd4 58. Nc6+ Kd5 59.
Nb4+ Kd4 60. Nc6+ Kd5 61. Nb4+ Kd4 62. Nc6+ 1/2-1/2

[Event "ch-European Rapid 2013"]
[Site "Warsaw POL"]
[Date "2013.12.14"]
[Round "6.47"]
[White "Berzinsh, Roland"]
[Black "Herman, Jean"]
[Result "1-0"]
[WhiteTitle "IM"]
[WhiteElo "2421"]
[BlackElo "2230"]
[WhiteFideId "11600357"]
[BlackFideId "263036"]
[EventDate "2013.12.14"]

1. e4 c5 2. Nf3 d6 3. Bc4 Nf6 4. d3 a6 5. c3 b5 6. Bb3 Nc6 7. O-O e6 8. d4 c4 9.
Bc2 e5 10. a4 Bb7 11. Na3 Qb8 12. Be3 Nd8 13. d5 Bc8 14. axb5 axb5 15. Nxb5 Rxa1
16. Qxa1 Nxe4 17. Qa5 Nf6 18. Nc7+ Ke7 19. Nxe5 Qxb2 20. Ba4 Nb7 21. Nc6+ Kd7
22. Nb4+ Ke7 23. Qa8 Qxc3 24. Nc6+ Kd7 25. Na7+ 1-0

[Event "ch-European Rapid 2013"]
[Site "Warsaw POL"]
[Date "2013.12.14"]
[Round "6.48"]
[White "Snihur, Piotr"]
[Black "Zambo, Zoltan"]
[Result "1-0"]
[BlackTitle "FM"]
[WhiteElo "2133"]
[BlackElo "2399"]
[WhiteFideId "1157191"]
[BlackFideId "722146"]
[EventDate "2013.12.14"]

1. e4 c5 2. Nf3 d6 3. d4 cxd4 4. Nxd4 Nf6 5. Nc3 Nc6 6. Bc4 e5 7. Nde2 Be6 8.
Bb3 Be7 9. O-O O-O 10. Kh1 b5 11. f3 Qb6 12. Bg5 Rfd8 13. Bxf6 Bxf6 14. Nd5 Bxd5
15. Qxd5 Rd7 16. a4 b4 17. a5 Qc7 18. c3 Rdd8 19. Rfc1 Qd7 20. Ba4 Rac8 21. Bxc6
Rxc6 22. cxb4 Rdc8 23. Rxc6 Rxc6 24. Rc1 Rxc1+ 25. Nxc1 h5 26. Ne2 Qa4 27. Qa8+
Kh7 28. Qxa7 Qd1+ 29. Ng1 Kg6 30. a6 Bg5 31. Qf2 Qa1 32. a7 Bc1 33. b5 Bxb2 34.
Qxb2 Qxa7 35. b6 Qb7 36. Qb5 Kf6 37. Qa5 1-0

[Event "ch-European Rapid 2013"]
[Site "Warsaw POL"]
[Date "2013.12.14"]
[Round "6.49"]
[White "Pedzich, Dominik"]
[Black "Paprocki, Jaroslaw"]
[Result "1/2-1/2"]
[WhiteTitle "IM"]
[WhiteElo "2384"]
[BlackElo "2199"]
[WhiteFideId "1100130"]
[BlackFideId "1122274"]
[EventDate "2013.12.14"]

1. e4 e5 2. Nf3 Nc6 3. Nc3 Nf6 4. Bb5 Bb4 5. O-O O-O 6. d3 d6 7. Bg5 h6 8. Bh4
Bxc3 9. bxc3 Qe7 10. Qc1 Nd8 11. Re1 Ne6 12. d4 Nf4 13. Bg3 1/2-1/2

[Event "ch-European Rapid 2013"]
[Site "Warsaw POL"]
[Date "2013.12.14"]
[Round "6.50"]
[White "Beinoras, Mindaugas"]
[Black "Ulanowski, Karol"]
[Result "1/2-1/2"]
[WhiteTitle "IM"]
[WhiteElo "2404"]
[BlackElo "2144"]
[WhiteFideId "12802085"]
[BlackFideId "1108964"]
[EventDate "2013.12.14"]

1. d4 Nf6 2. c4 g6 3. g3 Bg7 4. Bg2 O-O 5. Nc3 d6 6. Nf3 Nc6 7. O-O a6 8. h3 Bd7
9. Bg5 h6 10. Be3 Rb8 11. Qd2 Kh7 12. Rac1 e5 13. dxe5 dxe5 14. Nd5 Be6 15. Rfd1
Qc8 16. Nxf6+ Bxf6 17. Bxh6 Rd8 18. Qe3 Rxd1+ 19. Rxd1 Bxc4 20. b3 Bxe2 21. Re1
Bxf3 22. Qxf3 Qe6 23. Be3 Rd8 24. h4 Bg7 25. h5 f5 26. g4 f4 27. Bxf4 Rf8 28.
Qe4 Qxg4 29. Qxg6+ Qxg6 30. hxg6+ Kxg6 31. Bxc6 bxc6 32. Bxe5 Re8 33. Bc3 Rxe1+
34. Bxe1 Kf5 35. f3 Be5 36. Kf2 Bf4 37. Ke2 Ke5 38. Kd3 Kd5 39. Bf2 c5 40. Be3
Be5 41. f4 Bf6 42. Bd2 c6 43. Bc3 Be7 44. f5 Bg5 45. f6 Bh6 46. Bb2 Bg5 47. f7
Bh6 48. Ba3 Ke6 49. Ke4 Bf8 50. Kd3 Kxf7 51. Kc4 Ke6 52. Bxc5 Bh6 53. a4 Kd7 54.
Bb4 Kc7 55. Ba5+ Kb7 56. Bd8 Bg7 57. Bg5 Bf8 58. Be3 Bg7 59. Bc5 Bh6 60. Kd4
Bg7+ 61. Ke4 Bh6 1/2-1/2

[Event "ch-European Rapid 2013"]
[Site "Warsaw POL"]
[Date "2013.12.14"]
[Round "7.1"]
[White "Korobov, Anton"]
[Black "Rapport, Richard"]
[Result "0-1"]
[WhiteTitle "GM"]
[BlackTitle "GM"]
[WhiteElo "2713"]
[BlackElo "2687"]
[WhiteFideId "14105730"]
[BlackFideId "738590"]
[EventDate "2013.12.14"]

1. d4 g6 2. Nf3 d6 3. c4 Nf6 4. Nc3 Bf5 5. h3 Bg7 6. g4 Bd7 7. Bg2 O-O 8. O-O
Nc6 9. Bf4 Re8 10. d5 Na5 11. Nd2 c5 12. a3 Rc8 13. e4 h5 14. Bf3 hxg4 15. hxg4
Nh7 16. Be2 e5 17. Be3 f5 18. exf5 gxf5 19. gxf5 e4 20. Ncxe4 Qh4 21. Bd3 Be5
22. f4 Kh8 23. Rf2 Rg8+ 24. Kf1 Bd4 25. Nf3 Qh3+ 26. Ke2 Bxe3 27. Kxe3 Rce8 28.
Qh1 Rg3 29. b4 Nxc4+ 30. Bxc4 Bxf5 31. Bd3 Bxe4 32. Bxe4 Qf5 33. Rh2 Rxe4+ 34.
Kf2 Rxf3+ 35. Kxf3 Qxf4+ 36. Kg2 Re2+ 37. Kg1 Qd4+ 0-1

[Event "ch-European Rapid 2013"]
[Site "Warsaw POL"]
[Date "2013.12.14"]
[Round "7.2"]
[White "Socko, Bartosz"]
[Black "Perunovic, Milos"]
[Result "1-0"]
[WhiteTitle "GM"]
[BlackTitle "GM"]
[WhiteElo "2657"]
[BlackElo "2622"]
[WhiteFideId "1107038"]
[BlackFideId "921629"]
[EventDate "2013.12.14"]

1. d4 Nf6 2. c4 c5 3. d5 b5 4. cxb5 a6 5. e3 g6 6. Nc3 Bg7 7. Nf3 O-O 8. Bc4
axb5 9. Nxb5 d6 10. O-O Nbd7 11. Nc3 Nb6 12. Bb5 Ba6 13. Bxa6 Rxa6 14. e4 Qa8
15. Qc2 Na4 16. Nd1 Rb8 17. Rb1 e6 18. dxe6 Qxe4 19. exf7+ Kf8 20. Qxe4 Nxe4 21.
Re1 d5 22. Bf4 Rb7 23. Ne3 Nb6 24. Nxd5 Nxd5 25. Rxe4 Rxf7 26. Be5 Nb4 27. Rd1
Bxe5 28. Nxe5 Re7 29. a3 Nc2 30. Nd7+ 1-0

[Event "ch-European Rapid 2013"]
[Site "Warsaw POL"]
[Date "2013.12.14"]
[Round "7.3"]
[White "Sargissian, Gabriel"]
[Black "Malakhov, Vladimir"]
[Result "1/2-1/2"]
[WhiteTitle "GM"]
[BlackTitle "GM"]
[WhiteElo "2675"]
[BlackElo "2716"]
[WhiteFideId "13300881"]
[BlackFideId "4120787"]
[EventDate "2013.12.14"]

1. d4 g6 2. Nf3 Bg7 3. e4 d6 4. Nc3 a6 5. Be3 e6 6. Bd3 Ne7 7. O-O Nd7 8. Qd2 h6
9. h4 b6 10. Rfe1 Bb7 11. d5 e5 12. Ne2 Nc5 13. h5 Nxd3 14. cxd3 f5 15. hxg6 Qd7
16. Rac1 Nxg6 17. exf5 Ne7 18. d4 Nxd5 19. dxe5 dxe5 20. Ned4 O-O 21. Ne6 Rxf5
22. Nxc7 Rd8 23. Nxd5 Qxd5 24. Red1 Qxd2 25. Rxd2 Rxd2 26. Nxd2 b5 27. Nb3 Bd5
28. Nc5 Rf6 29. Rd1 Bc6 30. f3 Rg6 31. Ne4 Bxe4 32. fxe4 Rg4 33. Rd6 Rxe4 34.
Bxh6 Bxh6 35. Rxh6 Re2 1/2-1/2

[Event "ch-European Rapid 2013"]
[Site "Warsaw POL"]
[Date "2013.12.14"]
[Round "7.4"]
[White "Ivanisevic, Ivan"]
[Black "Cheparinov, Ivan"]
[Result "0-1"]
[WhiteTitle "GM"]
[BlackTitle "GM"]
[WhiteElo "2626"]
[BlackElo "2672"]
[WhiteFideId "912417"]
[BlackFideId "2905540"]
[EventDate "2013.12.14"]

1. d4 Nf6 2. Bg5 d5 3. e3 g6 4. Bxf6 exf6 5. c4 dxc4 6. Bxc4 Bd6 7. Nc3 c6 8.
Qf3 Nd7 9. Nge2 Qe7 10. O-O-O Nb6 11. Bb3 a5 12. Ne4 f5 13. Nxd6+ Qxd6 14. Qf4
Qe7 15. d5 a4 16. Qd4 O-O 17. Qxb6 axb3 18. Qxb3 cxd5 19. Rd4 f4 20. Rxf4 Bf5
21. Kd2 Be4 22. f3 g5 23. Rg4 h5 24. Rg3 h4 25. fxe4 hxg3 26. exd5 Rad8 27. Nxg3
Rxd5+ 28. Ke2 Rfd8 29. Qc3 Qd7 30. Re1 Rc8 31. Qb4 Rc2+ 32. Kf1 Rdd2 33. Qe4 f5
34. Qf3 Qb5+ 35. Re2 Rxe2 36. Nxe2 g4 0-1

[Event "ch-European Rapid 2013"]
[Site "Warsaw POL"]
[Date "2013.12.14"]
[Round "7.5"]
[White "Ragger, Markus"]
[Black "Salgado Lopez, Ivan"]
[Result "1-0"]
[WhiteTitle "GM"]
[BlackTitle "GM"]
[WhiteElo "2646"]
[BlackElo "2597"]
[WhiteFideId "1610856"]
[BlackFideId "2257327"]
[EventDate "2013.12.14"]

1. d4 d5 2. c4 e6 3. Nf3 Nf6 4. g3 Bb4+ 5. Bd2 Bxd2+ 6. Nbxd2 O-O 7. Bg2 b6 8.
cxd5 exd5 9. O-O Bb7 10. Rc1 Nbd7 11. Ne5 Nxe5 12. dxe5 Ng4 13. Nf3 c5 14. h3
Nh6 15. g4 Qe7 16. Qd2 Rad8 17. b4 c4 18. Nd4 Qd7 19. f4 Rfe8 20. Rfd1 a6 21. g5
Nf5 22. Nxf5 Qxf5 23. Rxc4 Rc8 24. Rxc8 Rxc8 25. e4 1-0

[Event "ch-European Rapid 2013"]
[Site "Warsaw POL"]
[Date "2013.12.14"]
[Round "7.6"]
[White "Bryzgalin, Kirill"]
[Black "Moiseenko, Alexander"]
[Result "1/2-1/2"]
[WhiteTitle "GM"]
[BlackTitle "GM"]
[WhiteElo "2460"]
[BlackElo "2713"]
[WhiteFideId "4133285"]
[BlackFideId "14102560"]
[EventDate "2013.12.14"]

1. d4 Nf6 2. c4 e6 3. Nc3 Bb4 4. Qc2 d5 5. cxd5 exd5 6. a3 Bxc3+ 7. Qxc3 Ne4 8.
Qb3 c5 9. dxc5 Nc6 10. Nf3 O-O 11. e3 Bg4 12. Be2 Bxf3 13. gxf3 Nxc5 14. Qc2 Ne6
15. O-O Rc8 16. Qa4 d4 17. Rd1 Qg5+ 18. Kh1 Qh4 19. Rf1 Rfd8 20. Bd2 Nc5 21. Qb5
d3 22. Bd1 Ne5 23. Rg1 Qxf2 24. Rg2 Qh4 25. Rc1 b6 26. b4 a6 27. Qxb6 Ncd7 28.
Qd4 Qxd4 29. exd4 Rxc1 30. Bxc1 Nc4 31. Kg1 Nf8 32. Bg5 Re8 33. Kf2 Ne6 34. Be3
Nf8 35. Bg5 Ne6 36. Be3 Nf8 37. Bg5 Nxa3 38. d5 Nb5 39. Bd2 Ng6 40. Rg4 Ne5 41.
Rf4 Nd6 42. Rd4 f5 43. Bf4 Kf7 44. Bxe5 Rxe5 45. Rxd3 1/2-1/2

[Event "ch-European Rapid 2013"]
[Site "Warsaw POL"]
[Date "2013.12.14"]
[Round "7.7"]
[White "Dubov, Daniil"]
[Black "Tkachiev, Vladislav"]
[Result "1/2-1/2"]
[WhiteTitle "GM"]
[BlackTitle "GM"]
[WhiteElo "2629"]
[BlackElo "2637"]
[WhiteFideId "24126055"]
[BlackFideId "618438"]
[EventDate "2013.12.14"]

1. e4 e5 2. Nf3 Nf6 3. Nxe5 d6 4. Nf3 Nxe4 5. c4 Nc6 6. Be2 Be7 7. O-O O-O 8.
Nc3 Nxc3 9. dxc3 Bf5 10. Be3 Bf6 11. Bd3 Bxd3 12. Qxd3 Ne5 1/2-1/2

[Event "ch-European Rapid 2013"]
[Site "Warsaw POL"]
[Date "2013.12.14"]
[Round "7.8"]
[White "Nasuta, Grzegorz"]
[Black "Dreev, Aleksey"]
[Result "1/2-1/2"]
[WhiteTitle "FM"]
[BlackTitle "GM"]
[WhiteElo "2331"]
[BlackElo "2673"]
[WhiteFideId "1141686"]
[BlackFideId "4100107"]
[EventDate "2013.12.14"]

1. e4 c6 2. d4 d5 3. Nc3 dxe4 4. Nxe4 Bf5 5. Ng3 Bg6 6. h4 h6 7. Nf3 Nf6 8. h5
Bh7 9. Bd3 Bxd3 10. Qxd3 e6 11. Bd2 Be7 12. O-O-O O-O 13. Kb1 c5 14. Ne4 Nbd7
15. g4 Nxg4 16. Qe2 Qb6 17. Ne5 Ndxe5 18. dxe5 f5 19. exf6 Nxf6 20. Rdg1 Nxe4
21. Qxe4 Bf6 22. b3 Kf7 23. Rh3 Qc6 24. Qg6+ Ke7 25. Bc3 Bxc3 26. Rxc3 Rf7 27.
Re1 Rd8 28. Rce3 Rd6 29. f4 Kf8 30. Rxe6 Rxe6 31. Rxe6 Qh1+ 32. Kb2 c4 33. bxc4
Qh4 34. Qe4 Re7 35. Rxe7 Qxe7 36. Qf5+ Kg8 37. Qc8+ Kh7 38. Qf5+ Kg8 39. Qc8+
Kf7 40. c5 Qe4 41. Qd7+ Kf6 42. Qd6+ Kf5 43. Qf8+ Kg4 44. Qxg7+ Kxh5 45. Qf7+
Kg4 46. Qg7+ Kf3 47. Qxh6 Qb4+ 48. Ka1 Qc3+ 49. Kb1 Qe1+ 50. Kb2 Qb4+ 51. Ka1 1/2-1/2